| 000 | 00356nam a22001457a 4500 | ||
|---|---|---|---|
| 008 | 210311b ||||| |||| 00| 0 eng d | ||
| 020 | _a0256026033 | ||
| 041 | _aeng | ||
| 080 |
_25th _a33 |
||
| 082 |
_25th _a33 |
||
| 100 | _a59 | ||
| 101 | _aBIZ | ||
| 245 |
_aBusiness Law and The Regulatory:Environment: Concepts and Cases _cLusk,F.H |
||
| 942 |
_2udc _cBK |
||
| 999 |
_c56433 _d56433 |
||